| 000 | 00872cam a2200253 4500 | ||
|---|---|---|---|
| 001 | ABS68545 | ||
| 008 | 041207n2004 000 0 eng u | ||
| 035 | _a(Sirsi) u128234 | ||
| 100 | _aCooper, K. | ||
| 245 | _aGlobal experts compare ideas for preserving community spirit | ||
| 260 | _c2004 | ||
| 490 |
_aInside Housing _v21(47) 26 November 2004, 13(1) |
||
| 520 | _aReports on the findings from a recent Foundation for the Built Environment conference on how to conserve and create community identity in a fast-track age. Presents views from UK experts and good practice from the USA and The Netherlands. | ||
| 590 | _aABS | ||
| 590 | _aABS | ||
| 650 | _aUNITED STATES | ||
| 650 | _aNETHERLANDS | ||
| 650 | _aSOCIAL IDENTITY | ||
| 650 | _aDESIGN | ||
| 650 | _aCOMMUNITY IDENTITY | ||
| 650 | _aENGLAND | ||
| 690 | _aHOUSING-DEVELOPMENT | ||
| 942 | _n0 | ||
| 999 |
_c118416 _d118416 |
||